000 00433nam a22001697a 4500
003 OSt
005 20240813122702.0
007 365 pages
008 240813b |||||||| |||| 00| 0 eng d
020 _a9789353168315
040 _c
082 _26
_a658.4012
_bSCH
245 _aStrategic management of technological innovation
_cschilling,Melissa A
250 _a6
260 _bMcgraw Hill
942 _2ddc
_cBK
_e6
_k658.4012
_mSCH
_n0
999 _c36070
_d36070